| 000 | 00493cam a2200193ua 4500 | ||
|---|---|---|---|
| 020 | _c29.00 | ||
| 041 |
_aeng _h |
||
| 082 |
_a620.11 _bSRI/SC |
||
| 100 | _aSreenivasan, N.K . | ||
| 245 |
_aScience of engineering materials / _cN.K.Sreenivasan. _hTextual Documents |
||
| 250 |
_a1 / _b. |
||
| 260 |
_a : _bOxford & IBH Publishing company , _c1983. |
||
| 300 | _a211 ; . | ||
| 365 | _a29.00 | ||
| 504 | _a | ||
| 700 | 1 | _aRamakrishnan, S.S . | |
| 942 | _cBK | ||
| 999 |
_c1496 _d1496 |
||